Human Resource Management an Economic Approach

Na minha lista:
Detalhes bibliográficos
Autor principal: Mitchell, Daniel J.B
Formato: Livro
Idioma:inglês
Publicado em: Boston PWS-Kent Pub. Co. 1989
Edição:1. ed.
Tags: Adicionar Tag
Sem tags, seja o primeiro a adicionar uma tag!

MARC

LEADER 00000nam a2200000 4500
001 c027321
005 20221215113919.4
041 0 |a eng 
044 |a US 
245 1 0 |a Human Resource Management an Economic Approach  |c Daniel J.B. Mitchell 
250 |a 1. ed. 
264 1 |a Boston  |b PWS-Kent Pub. Co.  |c 1989 
300 |a 527 s. 
100 1 |a Mitchell, Daniel J.B.